000 01213nam a2200289Ia 4500
005 20220317001409.0
008 161108s2008 sp a g 000 0 spa
020 _a9788434232808
082 0 4 _a927
_bD14m
100 1 _aMartín, Carme
245 1 0 _aSalvador Dalí
_ctextos, Carme Martín ; ilustraciones, Adriá Fruitós
250 _a1a. edición
300 _a63 páginas
_bilustraciones, fotografías en color y blanco y negro
_c27 cm
_e1 plegable
490 _aYo...
500 _aIncluye un separador y un plegable
505 _aCadaqués. El paisaje de mis cuadros -- Impresionismo. íExplosión de luz y color en las telas! -- Federico García Lorca. Mi mejor amigo -- Futurismo. {BF}Cuadros de máquinas? -- El colage. íQué divertido! -- André. El hombre de los manifiestos
600 1 4 _aDali, Salvador
_d1904-1989
_xBiografias
_972104
650 1 4 _2LEMB
_aPintores españoles
_xBiografías
650 1 4 _2LEMB
_aSurrealismo (Arte)
650 1 4 _2LEMB
_aArte moderno
942 _2ddc
_cBK
264 _aBarcelona
_bParramón
_c2008
336 _atexto
_btxt
_2rdacontent
337 _asin mediación
_bn
_2rdamedia
338 _avolumen
_bnc
_2rdacarrier
040 _aCO-BoRNBP
_bspa
_erda
_cCO-BoRNBP
999 _c6849
_d6849